000 00717nam a2200253Ia 4500
003 OSt
005 20220923211029.0
006 a|||||r|||| 00| 0
007 ta
008 Pun
020 _a8171160328 (hb)
024 _a231,785
037 _cTextual
040 _aARTS
_cARTS
_bPun
041 _2Pun
_aPun
082 _aO153:g, M6
100 _aਗਿਲ, ਮਹਿੰਤਰ ਕੌਰ
_9156269
245 0 _aਸਾਹਿਤ ਵਿਹਾਰ
260 _aਦਿੱਲੀ
_b ਨੈFਨਲ ਬੁਕ Fਾਪ
_c1996
300 _a148ਪੰ
_ccm.
650 _aਪੰਜਾਬੀ ਸਾਹਿਤ
942 _hO153:g, M6
_cTEXL
_2CC
999 _c294178
_d294178